<?xml version="1.0" encoding="UTF-8"?>
<record
    xmlns:xsi="http://www.w3.org/2001/XMLSchema-instance"
    xsi:schemaLocation="http://www.loc.gov/MARC21/slim http://www.loc.gov/standards/marcxml/schema/MARC21slim.xsd"
    xmlns="http://www.loc.gov/MARC21/slim">

  <leader>02041nam a2200289Ia 4500</leader>
  <controlfield tag="003">OSt</controlfield>
  <controlfield tag="005">20211005123326.0</controlfield>
  <controlfield tag="008">210310s2004    ck ad  gr     000 0 spa d</controlfield>
  <datafield tag="020" ind1=" " ind2=" ">
    <subfield code="a">9589545041</subfield>
  </datafield>
  <datafield tag="040" ind1=" " ind2=" ">
    <subfield code="a">CO-JMCR</subfield>
    <subfield code="c">CO-JMCR</subfield>
  </datafield>
  <datafield tag="041" ind1="0" ind2=" ">
    <subfield code="a">spa</subfield>
  </datafield>
  <datafield tag="082" ind1="0" ind2="4">
    <subfield code="a">338.47677 /</subfield>
    <subfield code="b">B517c</subfield>
    <subfield code="2">23</subfield>
  </datafield>
  <datafield tag="100" ind1="1" ind2=" ">
    <subfield code="a">Bernal Castillo, Fernando, </subfield>
    <subfield code="e">autor</subfield>
    <subfield code="9">28743</subfield>
  </datafield>
  <datafield tag="245" ind1="1" ind2="0">
    <subfield code="a">Cuadernos PNUD-MPS investigaciones sobre desarrollo social en Colombia : </subfield>
    <subfield code="b">crisis algodonera y violencia en el departamento del Cesar /</subfield>
    <subfield code="c">Fernando Bernal Castillo, Fernando Herrera Ara&#xFA;jo</subfield>
  </datafield>
  <datafield tag="260" ind1=" " ind2=" ">
    <subfield code="a">Bogot&#xE1; : </subfield>
    <subfield code="b">Ministerio de Protecci&#xF3;n Social, </subfield>
    <subfield code="c">2004.</subfield>
  </datafield>
  <datafield tag="300" ind1=" " ind2=" ">
    <subfield code="a">113 p&#xE1;ginas : </subfield>
    <subfield code="b">ilustraciones y gr&#xE1;ficas en blanco y negro ; </subfield>
    <subfield code="c">24 cm.</subfield>
  </datafield>
  <datafield tag="490" ind1="0" ind2=" ">
    <subfield code="a">Cuadernos PNUD ; </subfield>
    <subfield code="v">2</subfield>
  </datafield>
  <datafield tag="500" ind1=" " ind2=" ">
    <subfield code="a">Incluye datos biogr&#xE1;ficos de los autores en solapa frontal.</subfield>
  </datafield>
  <datafield tag="504" ind1=" " ind2=" ">
    <subfield code="a">Bibliograf&#xED;a : p&#xE1;gina 129-133.</subfield>
  </datafield>
  <datafield tag="505" ind1="0" ind2=" ">
    <subfield code="a">De sociedad pastoril a capitalismo agrario. -- Reforma a la estructura de derecho de propiedad. -- Crecimiento y generaci&#xF3;n de riqueza. -- El fin del boom econ&#xF3;mico. -- Irrupci&#xF3;n de las violencias. El paramilitarismo.</subfield>
  </datafield>
  <datafield tag="520" ind1="0" ind2=" ">
    <subfield code="a">Basados en el principio seg&#xFA;n el cual conocer el problema es un paso indispensable para encontrar las mejores soluciones, el Programa de las Naciones Unidas para el Desarrollo y el Ministerio de la Protecci&#xF3;n Social de Colombia han decidido editar esta serie de Cuadernos, como una publicaci&#xF3;n que debe aportar al conocimiento de los temas sociales con investigaciones y estudios realizados por colombianos de diversos or&#xED;genes, especialidades y regiones. De este modo, el PNUD y el MPS abren un nuevo espacio para el di&#xE1;logo y el debate p&#xFA;blico sobre temas que, ya sea desde el estudio especializado o bien desde el relato vivencial, son de importancia para todos los colombianos.</subfield>
  </datafield>
  <datafield tag="650" ind1="1" ind2="4">
    <subfield code="a">Capitalismo agrario </subfield>
    <subfield code="9">40930</subfield>
  </datafield>
  <datafield tag="650" ind1="2" ind2="4">
    <subfield code="a">Reforma </subfield>
    <subfield code="x">Agraria </subfield>
    <subfield code="z">Colombia </subfield>
    <subfield code="9">40931</subfield>
  </datafield>
  <datafield tag="650" ind1="2" ind2="4">
    <subfield code="a">Derechos de propiedad</subfield>
    <subfield code="x">Agrario </subfield>
    <subfield code="z">Colombia </subfield>
    <subfield code="9">40932</subfield>
  </datafield>
  <datafield tag="700" ind1="1" ind2=" ">
    <subfield code="a">Herrera Ara&#xFA;jo, Fernando, </subfield>
    <subfield code="e">autor</subfield>
    <subfield code="9">40933</subfield>
  </datafield>
  <datafield tag="942" ind1=" " ind2=" ">
    <subfield code="2">ddc</subfield>
    <subfield code="c">BK</subfield>
  </datafield>
  <datafield tag="999" ind1=" " ind2=" ">
    <subfield code="c">12620</subfield>
    <subfield code="d">12620</subfield>
  </datafield>
  <datafield tag="952" ind1=" " ind2=" ">
    <subfield code="0">0</subfield>
    <subfield code="1">0</subfield>
    <subfield code="2">ddc</subfield>
    <subfield code="4">0</subfield>
    <subfield code="7">0</subfield>
    <subfield code="a">CPL</subfield>
    <subfield code="b">CPL</subfield>
    <subfield code="c">GEN</subfield>
    <subfield code="d">2018-04-15</subfield>
    <subfield code="e">Donaci&#xF3;n</subfield>
    <subfield code="o">338.47677 / B517c</subfield>
    <subfield code="p">430005196</subfield>
    <subfield code="r">2024-05-16 00:00:00</subfield>
    <subfield code="t">Ej.1</subfield>
    <subfield code="w">2021-03-10</subfield>
    <subfield code="y">BK</subfield>
  </datafield>
</record>
